00692nam a2200241 a 4500001001300000003000900013005001700022008004100039020000900080082001600089100001700105245004800122260004500170300000900215500003500224505001600259650001300275700001700288902000800305942000700313952011500320999001500435nice12345678IN_TiNIC20260116012626.0050524s1983 newa grp 000 0 eng  ac7500a954.91bCHO aChopra, Pran aContemporary Pakistanb New Aims and Images aNew DelhibVikas Publication Housec1983 a184p aincludes index and biblioraphy2 aBibl. Index aPakistan1 aChopra, Pran bSRS cBK 001040708StackRoom-aHMIbHMId2007-04-12g75.00l0o954.91 CHOp010672r2007-04-12v75.00w2005-05-24yBK c7717d7717